TEXBOOK OF PHARMACETICS (Record no. 22936)

MARC details
000 -LEADER
fixed length control field 00373nam a22001577a 4500
003 - CONTROL NUMBER IDENTIFIER
control field SGT
020 ## - INTERNATIONAL STANDARD BOOK NUMBER
International Standard Book Number 9781632397577
082 ## - DEWEY DECIMAL CLASSIFICATION NUMBER
Classification number 615.1
Item number P16T
100 ## - MAIN ENTRY--PERSONAL NAME
Personal name THORNBURG, REGINALD. ed
245 ## - TITLE STATEMENT
Title TEXBOOK OF PHARMACETICS
260 ## - PUBLICATION, DISTRIBUTION, ETC. (IMPRINT)
Place of publication, distribution, etc NEW YORK
Name of publisher, distributor, etc CALLISTO REBE REANCE
Year of Publication 2016
300 ## - PAGE DESCRIPTION
No. of Pages 263
650 ## - SUBJECT ADDED ENTRY--TOPICAL TERM
Topical term or geographic name as entry element PHARMACEUTICS
653 ## - KEYWORDS--INDEX TERM
Keyword term TEXBOOK PHARMACETICS
942 ## - ADDED ENTRY ELEMENTS (KOHA)
Source of classification or shelving scheme Dewey Decimal Classification
Koha item type Books
Holdings
Withdrawn status Lost status Source of classification or shelving scheme Damaged status Use restrictions Not for loan Collection code Home library Current library Shelving location Date acquired Vendor Name Cost, normal purchase price SGTU Bill Number Full call number Accession No. (Barcode) Date last seen Bill Date Koha item type
    Dewey Decimal Classification   Restricted Access   PHARMACY SGT FA-FP Library SGT FA-FP Library Reference Book 27/06/2022 AHUJA PUBLICATION 12000.00 SGTU 14474 615.1 P16T FP4280 27/06/2022 19/05/2022 Books